000 00572nam a2200121Ia 4500
008 171212s9999 xx 000 0 und d
020 _a9780833092670
100 _aSzayna, Thomas S.;Larson, Eric V.;O'Mahony, Angela;Robson, Sean;Schaefer, Agnes Gereben
245 _cSzayna, Thomas S.;Larson, Eric V.;O'Mahony, Angela;Robson, Sean;Schaefer, Agnes Gereben
_aConsiderations for Integrating Women into Closed Occupations in the U.S. Special Operations Forces
260 _bRAND Corporation
_c2015
650 _aHistory
856 _uhttp://jstor.org/stable/10.7249/j.ctt19rmddv
999 _c351885
_d351885